NBA Team Logo Colors - Statistics

General Stats
  • This quiz has been taken 2,519 times
    2,340 since last reset
  • The average score is 40 of 99
Answers on the Map
Answers color-coded by a green-red scale on the quiz's map according to % correct below.
 
Answer Stats
Team Answer % Correct
Dallas Mavericks Royal Blue
98%
Dallas Mavericks Silver
74%
Dallas Mavericks White
70%
Dallas Mavericks Black
66%
Denver Nuggets Midnight Blue
66%
Denver Nuggets Sunshine Yellow
65%
Memphis Grizzlies Blue ('Memphis Midnight Blue' & 'Beale Street Blue')
63%
Houston Rockets Red
61%
Golden State Warriors Royal Blue
61%
Golden State Warriors Yellow
61%
Los Angeles Lakers Gold
58%
Houston Rockets Black
57%
Los Angeles Lakers Black
57%
Los Angeles Lakers Purple
57%
Minnesota Timberwolves Blue ('Midnight Blue' & 'Lake Blue')
55%
Los Angeles Clippers Royal Blue
55%
Los Angeles Clippers Black
54%
Los Angeles Clippers Red
54%
Los Angeles Clippers White
54%
Denver Nuggets White
52%
Phoenix Suns Black
50%
Denver Nuggets Flatirons Red
50%
Minnesota Timberwolves Moonlight Grey
50%
Oklahoma City Thunder Blue (Navy Blue & 'Thunder Blue')
49%
Memphis Grizzlies Steel Gray
49%
Minnesota Timberwolves White
49%
Boston Celtics Green
48%
New Orleans Pelicans Navy Blue
48%
Oklahoma City Thunder Sunset
48%
Atlanta Hawks Torch Red
48%
Minnesota Timberwolves Aurora Green
47%
Memphis Grizzlies Gold
47%
Sacramento Kings Purple
47%
Atlanta Hawks White
47%
Portland Trail Blazers Black
46%
San Antonio Spurs Black
46%
Portland Trail Blazers Red
46%
Portland Trail Blazers White
46%
Phoenix Suns Orange
45%
San Antonio Spurs Silver
45%
New Orleans Pelicans Gold
43%
New Orleans Pelicans White
43%
Oklahoma City Thunder White
43%
Phoenix Suns Yellow
43%
Brooklyn Nets Black
42%
Sacramento Kings Slate Gray
42%
Brooklyn Nets White
42%
Utah Jazz Navy Blue
41%
New Orleans Pelicans Red
41%
Phoenix Suns White
41%
Utah Jazz Gold
40%
Boston Celtics Black
39%
Oklahoma City Thunder Yellow
39%
Phoenix Suns Grey
38%
Boston Celtics White
37%
Chicago Bulls Red
36%
Cleveland Cavaliers Wine
36%
Chicago Bulls Black
35%
Chicago Bulls White
35%
Utah Jazz Green
34%
Boston Celtics Gold
33%
Boston Celtics Brown (Brown & Flesh)
32%
Cleveland Cavaliers Gold
32%
Milwaukee Bucks Good Land Green
31%
New York Knicks Orange
31%
Detroit Pistons Red
31%
Detroit Pistons Royal Blue
31%
Detroit Pistons White
31%
Miami Heat Black
30%
Indiana Pacers Gold
30%
Miami Heat Red
30%
New York Knicks Royal Blue
30%
Milwaukee Bucks White (White & 'Cream City Cream')
30%
Orlando Magic Blue
29%
Indiana Pacers Navy Blue
29%
Philadelphia 76ers Blue
28%
Toronto Raptors Red
28%
Miami Heat White
28%
Orlando Magic Black
27%
Toronto Raptors Black
27%
Philadelphia 76ers Red
27%
Indiana Pacers White
27%
Philadelphia 76ers White
27%
Toronto Raptors White
27%
Miami Heat Yellow
27%
Washington Wizards Red
26%
Detroit Pistons Chrome
25%
Washington Wizards Navy Blue
25%
Charlotte Hornets Teal
25%
Orlando Magic White
25%
Washington Wizards White
25%
New York Knicks Silver
24%
Orlando Magic Silver
24%
Charlotte Hornets White
24%
Indiana Pacers Cool Gray
23%
Washington Wizards Silver
22%
Charlotte Hornets Dark Purple
21%
Charlotte Hornets Gray
21%
Cleveland Cavaliers Navy Blue
17%
No matching quizzes found
Score Distribution
Percent of People with Each Score
Percentile by Number Answered
Your Score History
You have not taken this quiz since the last reset